Sabrina Carpenter - Paroles Tears - Statistiques

Statistiques générales
  • Ce quiz a été pris 141 fois
    139 depuis la dernière actualisation
  • Le résultat moyen est 219 sur 261
Statistiques - réponses
Hint Réponse % Correct
ha)
100%
Post-refrain | Refrain I
98%
(I
98%
a
97%
Couplet 1 | Couplet 2 A
97%
(Ah
97%
(Ah)
97%
huh)
97%
Uh
97%
(Uh
97%
"Uh"
97%
(Uh),
97%
you
95%
you,
95%
you),
95%
hm
94%
Intro Mm
94%
(Mm)
94%
oh
94%
(oh
94%
"Oh
94%
Bridge Oh
94%
Tears
94%
do
93%
do)
93%
my
93%
get
92%
get)
92%
the
92%
wet
92%
at
91%
down
91%
of
91%
to
91%
thought
90%
little
89%
guy
88%
guy)
88%
like
88%
like,
88%
me
88%
run
88%
Being
86%
very
86%
very,
86%
for
84%
responsible
84%
responsible,
84%
(So
84%
so
84%
so),
84%
(so
84%
(so,
84%
so,
84%
So
84%
your
84%
supposed
83%
(supposed
83%
can
82%
go
82%
far
81%
long,
80%
long
80%
Treating
80%
you're
80%
thighs
78%
want
78%
way
78%
what
78%
(what
78%
respect
77%
women
75%
dishes,
74%
give
74%
hot
74%
god"
72%
I'm
70%
I'll
69%
break)
67%
just
67%
(Dance
66%
on?"
64%
Baby,
63%
clothes
59%
ideal
59%
still
59%
that's
58%
"Why
57%
communication,
56%
initiative
56%
are
55%
how
55%
phone
55%
(Shikitah)
55%
shikitah)
55%
use
53%
from
52%
IKEA,
52%
foreplay
51%
gets
48%
anything,
44%
Remembering
43%
chair
42%
have
42%
Assemble
41%
Considering
41%
feelings,
41%
Offering
35%
yes,
33%
No
15%
Aucun quiz correspondant
Distribution des résultats
% des personnes avec chaque résultat
Percentile par nombre de réponses
Votre historique - résultats
Vous n’avez pas pris ce quiz depuis la dernière actualisation